| 000 | 01174 a2200217 4500 | ||
|---|---|---|---|
| 001 | 14674 | ||
| 005 | 20260407155448.0 | ||
| 008 | 260407a2009 arg spa d | ||
| 003 | AR-UNSa-BCEJYS | ||
| 040 |
_aAR-UNSa-BCEJYS _bspa _cAR-UNSa-BCEJYS |
||
| 080 |
_a331.101.26 _xEconomÃa del trabajo |
||
| 245 | 1 | 0 | _aUrban labor economics |
| 020 | _a978-0-521-69822-1 | ||
| 264 | 1 |
_aCambridge : _bCambridge University Press _c2009 |
|
| 300 |
_axiii, 509 p. _c23 cm. |
||
| 505 | _a1. Simple models of urban search-matching - 2. Extensions of urban search-matching models - 3. Non-monocentric cities and search-matching - 4. Simple models of urban efficiency wages - 5. Extensions of urban efficiency wage models - 6. Non-monocentric cities and efficiency wages - 7. The spatial mismatch hypothesis: A search-matching approach - 8. The spatial mismatch hypothesis: an efficiency-wage approach - 9. Peer effects, social networks, and labor market outcomes in cities | ||
| 942 | _cBK | ||
| 590 | _aniveau_biblio:m niveau_hierar:0 | ||
| 100 | 1 | _aZenou, Yves | |
| 856 | 4 | 1 |
_uhttps://biblioeco.unsa.edu.ar/pmb/images/libros/Urban labor economics-l118963.jpg _yImagen de portada _qimage/jpeg |
| 999 |
_c601 _d601 |
||